[Event "Robecchetto Autunn op 10th"]
[Site "Robecchetto"]
[Date "2013.10.24"]
[Round "4"]
[White "Madaschi, Sergio"]
[Black "Colombo, Angelo D"]
[Result "1-0"]
[WhiteElo "1522"]
[BlackElo "1485"]
[PlyCount "91"]
[EventDate "2013.10.03"]
[EventType "swiss"]
[EventRounds "7"]
[EventCountry "ITA"]
[SourceTitle "EXT 2015"]
[Source "ChessBase"]
[SourceDate "2014.11.20"]
[SourceVersion "1"]
[SourceVersionDate "2014.11.20"]
[SourceQuality "1"]

1. e4 e6 2. d4 d5 3. Nd2 Nf6 4. e5 Nfd7 5. Bd3 c5 6. c3 Nc6 7. Ne2 Qb6 8. Nf3 cxd4 9. cxd4 Bb4+ 10. Bd2 Bxd2+ 11. Qxd2 Qb4 12. 0-0 Qxd2 13. Nxd2 Nb6 14. Rac1 0-0 15. a3 Bd7 16. f4 f5 17. b4 Rac8 18. Nb3 Rb8 19. Nc5 Bc8 20. h3 Kf7 21. g4 g6 22. Kh2 Nd7 23. gxf5 gxf5 24. Rg1 Nxc5 25. dxc5 Bd7 26. b5 Na5 27. Nd4 Rfc8 28. Rg2 Rg8 29. Rxg8 Rxg8 30. c6 bxc6 31. bxc6 Bc8 32. Rc5 Nc4 33. Bxc4 dxc4 34. Rxc4 Rd8 35. c7 Rd5 36. Nc2 Rd2+ 37. Kg3 Rd3+ 38. Kh4 Ke7 39. a4 Rd7 40. Nb4 Ke8 41. a5 Ke7 42. Nc6+ Ke8 43. Nxa7 Ba6 44. c8Q+ Bxc8 45. Nxc8 Kf8 46. a6 1-0

[Event "Robecchetto Spring op 9th"]
[Site "Robecchetto"]
[Date "2012.04.26"]
[Round "3"]
[White "Colombo, Angelo D"]
[Black "Ruggeri, Igor"]
[Result "1/2-1/2"]
[WhiteElo "1473"]
[BlackElo "1533"]
[PlyCount "110"]
[EventDate "2012.04.12"]
[EventType "swiss"]
[EventRounds "7"]
[EventCountry "ITA"]
[SourceTitle "EXT 2024"]
[Source "ChessBase"]
[SourceDate "2023.10.10"]
[SourceVersion "1"]
[SourceVersionDate "2023.10.10"]
[SourceQuality "1"]

1. e4 c5 2. Bc4 Nc6 3. a3 Nf6 4. Nc3 g6 5. d3 Bg7 6. Nge2 0-0 7. 0-0 a6 8. Ng3 e6 9. Bg5 h6 10. Bf4 d5 11. Ba2 e5 12. Bd2 Be6 13. exd5 Nxd5 14. Nce4 b6 15. Qc1 Kh7 16. c4 Nde7 17. Qc2 Nd4 18. Qb1 f5 19. Nc3 f4 20. Nge2 Nxe2+ 21. Nxe2 f3 22. Ng3 fxg2 23. Kxg2 Qd7 24. Kg1 Nf5 25. Bb3 Nd4 26. Bd1 Nf3+ 27. Bxf3 Rxf3 28. Be3 Bh3 29. Qc2 Bxf1 30. Rxf1 Qg4 31. Kg2 Raf8 32. b4 Qc8 33. Kh1 Qh3 34. Kg1 Qc8 35. Kh1 Qc6 36. Kg1 h5 37. Ne4 Qd7 38. Ng5+ Kh8 39. Nxf3 Qg4+ 40. Kh1 Qxf3+ 41. Kg1 h4 42. Rb1 h3 43. Kf1 Qg2+ 44. Ke1 Qg1+ 45. Kd2 Qxh2 46. Rf1 Qg2 47. Qb1 h2 48. bxc5 Bh6 49. Bxh6 Rxf2+ 50. Rxf2 Qxf2+ 51. Kc3 Qg1 52. Qxb6 Qa1+ 53. Kc2 Qa2+ 54. Kc3 Qa1+ 55. Kc2 Qa2+ 1/2-1/2

[Event "Robecchetto Spring op 9th"]
[Site "Robecchetto"]
[Date "2012.04.19"]
[Round "2"]
[White "Crestani, Sandro"]
[Black "Colombo, Angelo D"]
[Result "1-0"]
[WhiteElo "1670"]
[BlackElo "1473"]
[PlyCount "101"]
[EventDate "2012.04.12"]
[EventType "swiss"]
[EventRounds "7"]
[EventCountry "ITA"]
[SourceTitle "EXT 2024"]
[Source "ChessBase"]
[SourceDate "2023.10.10"]
[SourceVersion "1"]
[SourceVersionDate "2023.10.10"]
[SourceQuality "1"]

1. c4 c6 2. Nc3 e6 3. e4 Bb4 4. Qc2 Ne7 5. a3 Bxc3 6. Qxc3 0-0 7. Nf3 d5 8. d3 dxe4 9. dxe4 Ng6 10. Bg5 f6 11. Rd1 Qc7 12. Be3 Nd7 13. Be2 b6 14. 0-0 Bb7 15. c5 Rae8 16. Rd6 b5 17. Rfd1 Bc8 18. Qd2 Nb8 19. h4 Nh8 20. e5 Nf7 21. exf6 Nxd6 22. cxd6 Qf7 23. fxg7 Qxg7 24. Bh6 Qf6 25. Bxf8 Rxf8 26. Qg5+ Kf7 27. Qxf6+ Kxf6 28. Ng5 Rh8 29. Ne4+ Ke5 30. f3 Rd8 31. g3 Nd7 32. Ng5 Rg8 33. f4+ Kf6 34. Nxh7+ Kf7 35. Ng5+ Kf6 36. Kf2 Nb6 37. Ne4+ Kf5 38. Nc5 Rd8 39. g4+ Kxf4 40. h5 Nd5 41. a4 a6 42. axb5 axb5 43. Rg1 Rxd6 44. g5 e5 45. g6 Nf6 46. h6 Ng4+ 47. Bxg4 Bxg4 48. Rxg4+ Kxg4 49. h7 Rd2+ 50. Ke3 Rh2 51. g7 1-0